| 000 | 00798cam a22002651 4500 | ||
|---|---|---|---|
| 001 | 14757 | ||
| 003 | BD-RjUL | ||
| 005 | 20211208235703.0 | ||
| 008 | 140208s19691963nyu b 001 0 eng | ||
| 035 | _a(BD-RjUL)14811 | ||
| 035 | _a(OCoLC)477408 | ||
| 040 |
_aDLC _cODaWU _dOCoLC _dDLC _beng |
||
| 041 | 1 |
_aeng _hfre |
|
| 082 |
_a305.891497 _bCLG 1969 |
||
| 100 | 1 |
_aClébert, Jean-Paul _945974 |
|
| 245 | 1 | 4 |
_aThe Gypsies / _cJean-Paul Clébert ; translated by Charles Duff. |
| 260 |
_aBaltimore : _bPenguin Books, _c1967 [ Reprinted 1969] |
||
| 300 |
_a282 pages, 48 pages of plates : _bill. ; _c18 cm. |
||
| 504 | _aincludes index | ||
| 650 | 0 |
_aRomanies. _945975 |
|
| 700 | 1 |
_aDuff, Charles, _d1894-1966, _etr. _9247087 |
|
| 942 |
_2ddc _cBK |
||
| 999 |
_c14757 _d14757 |
||